|
|
|
|
| LEADER |
00000nam0a2200000 4500 |
| 001 |
299423 |
| 005 |
20231102001212.0 |
| 020 |
|
|
|a RU
|b 83-15000
|
| 035 |
|
|
|a (RuTPU)RU\TPU\book\324575
|
| 090 |
|
|
|a 299423
|
| 100 |
|
|
|a 20150629d1982 km y0rusy5003 ca
|
| 101 |
0 |
|
|a rus
|
| 102 |
|
|
|a LV
|
| 105 |
|
|
|a a z 001zy
|
| 200 |
1 |
|
|a Научная организация учебного процесса и применения автоматизированных управляющих и обучающих систем в вузах Латвийской ССР
|e сборник результатов научно-исследовательских работ по проблемам высшей школы
|e межвузовский
|f Рижский политехнический институт ; под ред. И. Н. Ильина
|
| 210 |
|
|
|a Рига
|c Изд-во РПИ
|d 1982
|
| 215 |
|
|
|a 254 с.
|c ил.
|
| 225 |
1 |
|
|a Научная организация учебного процесса
|
| 320 |
|
|
|a Библиография в конце статей
|
| 606 |
1 |
|
|a Программированное обучение
|x В высшей школе
|2 stltpush
|3 (RuTPU)RU\TPU\subj\51797
|9 70360
|
| 610 |
1 |
|
|a высшие учебные заведения
|
| 610 |
1 |
|
|a учебный процесс
|
| 610 |
1 |
|
|a научная организация труда
|
| 610 |
1 |
|
|a автоматизация
|
| 610 |
1 |
|
|a обучающие технологии
|
| 610 |
1 |
|
|a АСУ
|
| 610 |
1 |
|
|a научно-исследовательские работы
|
| 610 |
1 |
|
|a оптимальные варианты
|
| 610 |
1 |
|
|a диалоговый доступ
|
| 686 |
|
|
|a Ч481.23
|2 rubbk
|
| 702 |
|
1 |
|a Ильин
|b И. Н.
|4 340
|
| 712 |
0 |
2 |
|a Рижский политехнический институт
|2 stltpush
|3 (RuTPU)RU\TPU\col\7561
|9 24345
|
| 801 |
|
0 |
|a RU
|b RuMRKP
|c 19950704
|g psbo
|
| 801 |
|
1 |
|a RU
|b 63413507
|c 20150629
|
| 801 |
|
2 |
|a RU
|b 63413507
|c 20190328
|g RCR
|
| 942 |
|
|
|c BK
|